• 首页
  • 本馆介绍
  • 公告通知
  • 最新文献
  • 馆藏检索
  • 电子资源
  • 读者导购
  • 参考咨询
  • 我的图书馆
  • 登录
  • 详细信息显示
  • 放入我的书架
  • 预约/预借图书
  • 作者相关作品
  • 分类相关作品
  • 丛书相关作品
  • 出版社相关作品

书目信息

  • 表格格式
  • 工作单格式
  • 卡片格式
题名:
管理经济·工程经济·技术经济研究
    
 
作者: 赵国杰 , 于海洋 著
分册:  
出版信息: 天津   天津大学出版社  2006
页数: 418页
开本: 24cm
丛书名:
单 册:
中图分类: F270 , F403.7
科图分类:
主题词: 管理经济学--研究 , 工程经济学--研究 , 技术经济学--研究 , 管理经济学 , 工程经济学 , 技术经济学
电子资源:
ISBN: 7-5618-2291-X
000 01238nam0 2200325 450
001 1161109792
005 20111004165919.18
010    @a7-5618-2291-X@dCNY45.00
100    @a20060529d2006 em y0chiy50 ea
101 0  @achi
102    @aCN@b120000
105    @ay z 000yy
200 1  @a管理经济·工程经济·技术经济研究@Aguan li jing ji · gong cheng jing ji · ji shu jing ji yan jiu@f赵国杰,于海洋著
210    @a天津@c天津大学出版社@d2006
215    @a418页@d24cm
312    @a封面英文题名:Studies in management economics, engineering economics and technical economics
330    @a本书收录了论述管理经济工程经济技术经济研究的文章七十七篇。包括《构建适于中国应用的管理经济学新体系》、《论中国经济发展战略的选择》、《中国区域投资有效性评价》等。
510 1  @aStudies in management economics, engineering economics and technical economics@zeng
606 0  @a管理经济学@x研究
606 0  @a工程经济学@x研究
606 0  @a技术经济学@x研究
606 0  @a管理经济学
606 0  @a工程经济学
606 0  @a技术经济学
690    @aF270@v4
690    @aF403.7@v4
701  0 @a赵国杰@Azhao guo jie@f(1950~)@4著
701  0 @a于海洋@Ayu hai yang@f(1960~)@4著
801  0 @aCN@bNLC@c20101222
905    @a10447@dF270@eJY167
    
    管理经济·工程经济·技术经济研究/赵国杰,于海洋著.-天津:天津大学出版社,2006
    418页;24cm
    
    
    ISBN 7-5618-2291-X:CNY45.00
    本书收录了论述管理经济工程经济技术经济研究的文章七十七篇。包括《构建适于中国应用的管理经济学新体系》、《论中国经济发展战略的选择》、《中国区域投资有效性评价》等。
●
相关链接 在E读中查询图书 在五车中查询图书 在当当中查询图书 在豆瓣中查询图书


正题名:管理经济·工程经济·技术经济研究     索取号:F270/JY167         预约/预借

序号 登录号 条形码 馆藏地/架位号 状态 备注
1 7813848   278138481   学院路分馆/ [索取号:F270/JY167] 在馆    
2 7813849   278138490   学院路分馆/ [索取号:F270/JY167] 在馆    
唐山师范学院图书馆 欢迎您!
大连网信软件有限公司© 版权所有